000 00586ntaaa2200205 4500
003 01
005 20251027203158.0
008 0714s1973 ag 01
020 _a063147114
040 _aAR-BaBN
_bspa
_cAR-BaBN
_eaacr
_dRIC
082 _a136.73 W58
100 _aWhiteNotkin White, SheldonBarbara
_933375
245 _aNiñez camino de descubrimiento
250 _a1 ed.
260 _aMexico :
_bEditorial Tierra Firme,
_c1980
300 _a128 p ;
_cIlust, 23 cm
500 _aContiene notas; Fotos; Lecturas sugeridas; Bibliografía Pp. 122-123
650 _aNIÑEZ
942 _cBK
999 _c27260
_d27260